000 00913nam a2200253Ia 4500
003 GCL
008 140319s9999 xx 000 0 ara d
040 _aGCL /
_cGCL
082 0 4 _aق
_b933.4
_bم ت
100 1 _aتقى الدين المقريزي
245 1 0 _aتاريخ اليهود واثارهم فى مصر /
_cتقى الدين المقريزي
260 _aالقاهرة :
_bدار الفضيلة ،
_c1997
300 _a175 ص ؛
_c24 سم
650 0 4 _aالشعائر الدينية
650 0 4 _aاليهود
650 0 4 _aبنو اسرائيل
650 0 4 _aاليهود - الاصل
650 0 4 _aاليهود - تاريخ قديم
650 0 4 _aاليهود - آشد
650 0 4 _aاليهود - اعياد
650 0 4 _aاليهود - العادات والتقاليد
650 0 4 _aالمقريزى، تقى الدين ابوالعباس احمد بن على
942 _2ddc
_cBK
999 _c42586
_d42586